Teaching reading in the content areas (Record no. 112655)
[ view plain ]
| 000 -LEADER | |
|---|---|
| fixed length control field | 01293nam a2200337Ia 4500 |
| 082 04 - DEWEY DECIMAL CLASSIFICATION NUMBER | |
| Classification number | 428.4071/2 |
| 100 1# - MAIN ENTRY--AUTHOR NAME | |
| Personal name | Urquhart, Vicki, |
| 245 10 - TITLE STATEMENT | |
| Title | Teaching reading in the content areas |
| 250 ## - EDITION STATEMENT | |
| Edition statement | 3rd ed. |
| 260 ## - PUBLICATION, DISTRIBUTION, ETC. (IMPRINT) | |
| Place of publication | Alexandria, Va. : |
| Name of publisher | ASCD, |
| Year of publication | c2012. |
| 300 ## - PHYSICAL DESCRIPTION | |
| Number of Pages | xxiv, 240 p. : |
| Other physical details | ill. |
| 650 #0 - SUBJECT ADDED ENTRY--TOPICAL TERM | |
| Topical Term | Content area reading. |
| Topical Term | Reading (Secondary) |
| 700 1# - ADDED ENTRY--PERSONAL NAME | |
| Personal name | Frazee, Dana. |
| 856 40 - ELECTRONIC LOCATION AND ACCESS | |
| Uniform Resource Identifier | http://site.ebrary.com/lib/rucke/Doc?id=10594418 |
No items available.
